[Event "PRO League Group Stage"]
[Site "chess.com INT"]
[Date "2019.01.15"]
[Round "2"]
[White "Robson, Ray"]
[Black "Ali Marandi, Cemil Can"]
[Result "1-0"]
[WhiteTitle "GM"]
[BlackTitle "GM"]
[WhiteElo "2667"]
[BlackElo "2530"]
[WhiteTeam "Webster Windmills"]
[BlackTeam "Saint Louis Arch Bishops"]
[WhiteFideId "2023970"]
[BlackFideId "6300529"]
[EventDate "2019.01.08"]

1. e4 e6 2. d4 d5 3. Nc3 Nf6 4. e5 Nfd7 5. f4 c5 6. Nf3 Nc6 7. Be3 Be7 8. Qd2
O-O 9. h4 cxd4 10. Nxd4 Nxd4 11. Bxd4 f6 12. exf6 Bxf6 13. O-O-O Bxd4 14. Qxd4
Qf6 15. g3 Qxd4 16. Rxd4 Nf6 17. Bg2 Bd7 18. Re1 Rae8 19. Nd1 Bc6 20. Nf2 Nh5
21. Re3 e5 22. Bxd5+ Bxd5 23. Rxd5 exf4 24. Rxe8 Rxe8 25. Rxh5 fxg3 26. Nd3 h6
27. Re5 Rf8 28. Re2 g5 29. h5 Rf1+ 30. Kd2 Rh1 31. Rg2 Rh3 32. Ke3 Kf7 33. Kf3
Kf6 34. Kg4 Rh4+ 35. Kxg3 Rxh5 36. Rf2+ Ke7 37. Nc5 b6 38. Re2+ Kd6 39. Ne4+ Kc6
40. Nf2 Rh4 41. Re7 Rc4 42. c3 Ra4 43. a3 Kd5 44. Nd3 h5 45. Re5+ Kc4 46. Re4+
Kb5 47. Re5+ Kc4 48. Nc1 Ra5 49. Rxa5 bxa5 50. a4 Kd5 51. Kf3 h4 52. b3 h3 53.
Ne2 h2 54. Kg2 Ke4 55. Kxh2 Kd3 56. c4 Kxe2 57. Kg3 1-0

[Event "PRO League Group Stage"]
[Site "chess.com INT"]
[Date "2019.01.15"]
[Round "2"]
[White "Nyzhnyk, Illya"]
[Black "Bloomer, Josh"]
[Result "1-0"]
[WhiteTitle "GM"]
[WhiteElo "2624"]
[BlackElo "1950"]
[WhiteTeam "Webster Windmills"]
[BlackTeam "Saint Louis Arch Bishops"]
[WhiteFideId "14118084"]
[BlackFideId "2020416"]
[EventDate "2019.01.08"]

1. d4 Nf6 2. c4 g6 3. Nc3 Bg7 4. e4 d6 5. Nf3 O-O 6. h3 e5 7. dxe5 dxe5 8. Qxd8
Rxd8 9. Bg5 Na6 10. Nd5 Rd6 11. Bxf6 Bxf6 12. b4 Bd8 13. c5 Re6 14. Bc4 c6 15.
Ne3 Re8 16. a3 Nc7 17. O-O-O a5 18. Kb2 Be6 19. Bxe6 Nxe6 20. Nc4 axb4 21. axb4
Nd4 22. Nxd4 exd4 23. e5 Bc7 24. Rhe1 Reb8 25. Rxd4 b6 26. Rd7 Bd8 27. e6 Bf6+
28. Kc2 bxc5 29. exf7+ Kf8 30. Nd6 Ra2+ 31. Kb3 Rb2+ 32. Kc4 R2xb4+ 33. Kxc5
Bd4+ 34. Kxc6 R4b6+ 35. Kd5 Rxd6+ 36. Kxd6 Bxf2 37. Re8+ Rxe8 38. fxe8=Q+ Kxe8
39. Rxh7 1-0

[Event "PRO League Group Stage"]
[Site "chess.com INT"]
[Date "2019.01.15"]
[Round "2"]
[White "Kurtz, Eric M"]
[Black "Eljanov, Pavel"]
[Result "0-1"]
[BlackTitle "GM"]
[WhiteElo "1868"]
[BlackElo "2680"]
[WhiteTeam "Montreal Chessbrahs"]
[BlackTeam "Miami Champions"]
[WhiteFideId "30939763"]
[BlackFideId "14102951"]
[EventDate "2019.01.08"]

1. c4 Nf6 2. g3 e6 3. Bg2 d5 4. Nf3 dxc4 5. O-O a6 6. a4 Nc6 7. Na3 Na5 8. Qc2
Qd5 9. Ne1 Qc5 10. d3 cxd3 11. Qxc5 Bxc5 12. Nxd3 Bd6 13. Bg5 h6 14. Be3 Nd5 15.
Bd4 O-O 16. e4 Nb3 17. exd5 Nxd4 18. dxe6 Bxe6 19. Bxb7 Rab8 20. Bxa6 Bd5 21. f4
Nf3+ 22. Kf2 Nxh2 23. Rfe1 Ng4+ 24. Kg1 Rb3 25. Rac1 Ra8 26. Bb5 c6 27. Bc4 Bxc4
28. Nxc4 Rxd3 29. a5 Rxg3+ 30. Kf1 Bxf4 31. Rc3 Rxc3 32. bxc3 f6 33. Re4 g5 34.
Re7 Ne5 0-1

[Event "PRO League Group Stage"]
[Site "chess.com INT"]
[Date "2019.01.15"]
[Round "2"]
[White "Hansen, Eric"]
[Black "Fernandez, Daniel"]
[Result "1-0"]
[WhiteTitle "GM"]
[BlackTitle "IM"]
[WhiteElo "2615"]
[BlackElo "2482"]
[WhiteTeam "Montreal Chessbrahs"]
[BlackTeam "Miami Champions"]
[WhiteFideId "2606771"]
[BlackFideId "2015390"]
[EventDate "2019.01.08"]

1. e4 c5 2. Nf3 e6 3. d4 cxd4 4. Nxd4 a6 5. Bd3 Bc5 6. Nb3 Be7 7. a4 d6 8. a5
Nd7 9. O-O Ngf6 10. Nc3 Ne5 11. Be2 O-O 12. Be3 Bd7 13. f4 Ng6 14. Bb6 Qc8 15.
Bd3 Bc6 16. Qe2 e5 17. f5 Nf4 18. Qd2 d5 19. exd5 N6xd5 20. Rf2 Bh4 21. Raf1
Nxb6 22. axb6 Bxf2+ 23. Rxf2 Qd8 24. Qe3 Re8 25. Bf1 a5 26. Nd2 a4 27. Nc4 Qf6
28. Ne4 Bxe4 29. Qxe4 Qc6 30. Qxc6 bxc6 31. b7 Rab8 32. Na5 Nd5 33. Rd2 e4 34.
Nxc6 Rxb7 35. Rxd5 Rxb2 36. Nd4 Ra8 37. Rd7 e3 38. g4 a3 39. Bc4 a2 40. Bxf7+
Kh8 41. Bxa2 Rbxa2 42. Kf1 Re8 43. Ke2 Ra4 44. h3 h5 45. g5 Ra5 46. h4 Rae5 47.
f6 gxf6 48. gxf6 Rf8 49. f7 Kg7 50. Nf3 Re6 51. Ng5 Re5 52. c4 Kg6 53. Rd6+ Kg7
54. Rd7 Rf5 55. Ne6+ 1-0

[Event "PRO League Group Stage"]
[Site "chess.com INT"]
[Date "2019.01.15"]
[Round "2"]
[White "Katz, Alexander"]
[Black "Van Kampen, Robin"]
[Result "0-1"]
[WhiteTitle "IM"]
[BlackTitle "GM"]
[WhiteElo "2433"]
[BlackElo "2658"]
[WhiteTeam "Miami Champions"]
[BlackTeam "Montreal Chessbrahs"]
[WhiteFideId "2039796"]
[BlackFideId "1020854"]
[EventDate "2019.01.08"]

1. e4 c5 2. Nc3 Nc6 3. g3 g6 4. Bg2 Bg7 5. d3 Rb8 6. Be3 d6 7. Qd2 b5 8. Nge2 b4
9. Nd1 Nd4 10. O-O Nxe2+ 11. Qxe2 Nf6 12. h3 O-O 13. Qd2 Ba6 14. Bh6 Bxh6 15.
Qxh6 c4 16. dxc4 Bxc4 17. Re1 Qa5 18. Ne3 Rfc8 19. f4 Ba6 20. Kh2 Rc5 21. g4 Bb7
22. e5 dxe5 23. fxe5 Qc7 24. Bxb7 Rxe5 25. Kg1 Rxb7 26. Rad1 Re6 27. Qh4 Rb8 28.
Qf2 Ne4 29. Qg2 Qb6 30. Kh2 Rd8 31. Rxd8+ Qxd8 32. Rd1 Qc7+ 33. Kg1 Qc5 34. Rd3
Nd6 35. Qf3 Nc4 36. Qd5 Qxd5 37. Nxd5 a5 38. b3 Ne5 39. Re3 f6 40. c3 bxc3 41.
Rxc3 Kf7 42. Rc5 Nc6 43. Kf2 Re5 44. Rxc6 Rxd5 45. Ke3 h5 46. a3 Rb5 47. Rc3
hxg4 48. hxg4 f5 49. gxf5 gxf5 50. Kd4 Kf6 51. Rc6+ e6 52. Kc4 Rb8 53. Ra6 Rc8+
54. Kd3 Rc5 55. b4 Rd5+ 56. Kc4 axb4 57. axb4 f4 58. b5 Rd1 59. Ra3 Rb1 60. Kc5
e5 61. b6 e4 62. Ra4 Ke5 63. Rb4 Rc1+ 64. Kb5 Rc8 65. b7 Rb8 66. Kc4 f3 67. Kc3
f2 68. Rb1 Rxb7 69. Rf1 e3 70. Kd3 Kf4 71. Ke2 Rb2+ 72. Kd3 Rd2+ 73. Kc3 Rd7 0-1

[Event "PRO League Group Stage"]
[Site "chess.com INT"]
[Date "2019.01.15"]
[Round "2"]
[White "Wang, Tianqi"]
[Black "Saric, Ivan"]
[Result "0-1"]
[BlackTitle "GM"]
[WhiteElo "2329"]
[BlackElo "2690"]
[WhiteTeam "Miami Champions"]
[BlackTeam "Montreal Chessbrahs"]
[WhiteFideId "2063824"]
[BlackFideId "14508150"]
[EventDate "2019.01.08"]

1. Nf3 d5 2. g3 c6 3. Bg2 g6 4. O-O Bg7 5. d3 Nf6 6. Nbd2 O-O 7. c4 a5 8. Qc2 a4
9. e4 e6 10. Re1 b5 11. Nf1 bxc4 12. dxc4 Nxe4 13. Be3 a3 14. Bd4 Bxd4 15. Nxd4
Qb6 16. Nb3 axb2 17. Qxb2 Nc5 18. Qd4 Nbd7 19. cxd5 Nxb3 20. Qxb6 Nxb6 21. axb3
cxd5 22. Ne3 Bd7 23. h4 Rxa1 24. Rxa1 Ra8 25. Rc1 Rc8 26. Rxc8+ Bxc8 27. Kf1 Kg7
28. Ke2 Ba6+ 29. Kd2 d4 30. Nc2 e5 31. Bc6 Bc8 32. b4 Bf5 33. Na3 Kf6 34. Bb7
Ke7 35. Bf3 h5 36. Bd1 Bd7 37. Bb3 f6 38. Nc4 Nxc4+ 39. Bxc4 Be8 40. Bd3 Kd6 41.
f3 f5 42. Bc4 e4 43. Ke2 Bd7 44. f4 Be6 45. Bb5 Bf7 46. Kd2 Kc7 47. Ba4 Kb6 48.
Bd7 Bc4 49. Be8 e3+ 0-1

[Event "PRO League Group Stage"]
[Site "chess.com INT"]
[Date "2019.01.15"]
[Round "2"]
[White "Lenderman, Aleksandr"]
[Black "Edouard, Romain"]
[Result "1/2-1/2"]
[WhiteTitle "GM"]
[BlackTitle "GM"]
[WhiteElo "2637"]
[BlackElo "2643"]
[WhiteTeam "Montclair Sopranos"]
[BlackTeam "London Lions"]
[WhiteFideId "2021285"]
[BlackFideId "633429"]
[EventDate "2019.01.08"]

1. d4 d5 2. Nf3 Nf6 3. c4 dxc4 4. e3 Bg4 5. Bxc4 e6 6. Nc3 Nc6 7. Be2 Bd6 8. O-O
O-O 9. h3 Bh5 10. b3 Nd5 11. Bb2 f5 12. Nd2 Nxc3 13. Bxc3 Bxe2 14. Qxe2 Ne7 15.
Nc4 Nd5 16. Bd2 Qh4 17. Qf3 Rf6 18. Rae1 g5 19. Nxd6 cxd6 20. e4 fxe4 21. Qxe4
Qxe4 22. Rxe4 h6 23. h4 gxh4 24. Rxh4 Kg7 25. Rc1 a5 26. f3 a4 27. b4 a3 28. Kf2
Ra4 29. b5 e5 30. Rg4+ Rg6 31. Rxg6+ Kxg6 32. dxe5 dxe5 33. Rc5 Rd4 34. Ke2 h5
35. Rc8 e4 36. fxe4 Rxe4+ 37. Kf3 Rd4 38. Ke2 Rg4 39. Kf3 Rd4 40. Ke2 Rg4 1/2-1/2

[Event "PRO League Group Stage"]
[Site "chess.com INT"]
[Date "2019.01.15"]
[Round "2"]
[White "Sevian, Samuel"]
[Black "Haria, Ravi"]
[Result "1-0"]
[WhiteTitle "GM"]
[BlackTitle "IM"]
[WhiteElo "2647"]
[BlackElo "2450"]
[WhiteTeam "Montclair Sopranos"]
[BlackTeam "London Lions"]
[WhiteFideId "2040506"]
[BlackFideId "415820"]
[EventDate "2019.01.08"]

1. e4 e6 2. d4 d5 3. Nd2 dxe4 4. Nxe4 Bd7 5. Nf3 Bc6 6. Bd3 Nd7 7. O-O Ngf6 8.
Neg5 Bd6 9. Re1 h6 10. Nxe6 fxe6 11. Bg6+ Kf8 12. Qe2 Nb6 13. c4 Bb4 14. Rd1 Be7
15. d5 exd5 16. Nd4 Qd7 17. Bf5 Qe8 18. Ne6+ Kg8 19. Nxc7 Qh5 20. g4 Qh3 21. Rd3
Qh4 22. Qxe7 dxc4 23. Ne6 1-0

[Event "PRO League Group Stage"]
[Site "chess.com INT"]
[Date "2019.01.15"]
[Round "2"]
[White "Roberson, Peter T"]
[Black "Bartell, Thomas"]
[Result "1/2-1/2"]
[WhiteTitle "IM"]
[BlackTitle "IM"]
[WhiteElo "2420"]
[BlackElo "2353"]
[WhiteTeam "London Lions"]
[BlackTeam "Montclair Sopranos"]
[WhiteFideId "412384"]
[BlackFideId "2017849"]
[EventDate "2019.01.08"]

1. e4 c6 2. c4 d5 3. cxd5 cxd5 4. exd5 Nf6 5. Nc3 Nxd5 6. Nf3 Nc6 7. Bb5 e6 8.
O-O Be7 9. d4 O-O 10. Re1 Nf6 11. a3 Bd7 12. Bd3 Re8 13. Bg5 Rc8 14. Bb1 Nd5 15.
Qd3 g6 16. Bxe7 Ncxe7 17. Ne5 Nxc3 18. bxc3 Bc6 19. Qh3 Nf5 20. Bxf5 exf5 21.
Nxc6 Rxc6 22. Qd3 Rxe1+ 23. Rxe1 Qa5 24. Re8+ Kg7 25. c4 Qa6 26. Qe3 Qxc4 27.
Qe5+ Kh6 28. h4 Re6 29. Rxe6 Qxe6 30. Qf4+ Kg7 31. h5 Qd5 32. h6+ Kf6 33. Qb8
Kg5 34. Qf8 Qxd4 35. Qg7 Qd1+ 36. Kh2 Qh5+ 37. Kg1 Qxh6 38. Qxf7 Kg4 39. Qxb7
Qc1+ 40. Kh2 Qxa3 41. Qxh7 Qd6+ 42. Kg1 a6 43. Qh6 f4 44. Qh3+ Kg5 45. Qc3 Qf6
46. Qa5+ Kh6 47. Qa4 g5 48. f3 Qb6+ 49. Kh2 Qb5 50. Qd4 a5 51. Qf6+ Kh7 52. Qf7+
Kh6 53. Qf6+ Kh7 54. Qf7+ Kh6 55. Qf6+ Kh7 56. Qf7+ Kh6 1/2-1/2

[Event "PRO League Group Stage"]
[Site "chess.com INT"]
[Date "2019.01.15"]
[Round "2"]
[White "Harvey, Marcus R"]
[Black "Rohde, Michael"]
[Result "1-0"]
[WhiteTitle "FM"]
[BlackTitle "GM"]
[WhiteElo "2397"]
[BlackElo "2358"]
[WhiteTeam "London Lions"]
[BlackTeam "Montclair Sopranos"]
[WhiteFideId "400092"]
[BlackFideId "2000172"]
[EventDate "2019.01.08"]

1. Nf3 Nf6 2. b3 g6 3. Bb2 Bg7 4. e3 O-O 5. Be2 d6 6. d4 c5 7. O-O cxd4 8. Nxd4
Nc6 9. c4 Bd7 10. Nc3 Rc8 11. Rc1 a6 12. h3 Qa5 13. a3 Rfe8 14. b4 Qd8 15. Nb3
Ne5 16. c5 Be6 17. Na4 Nfd7 18. Nd4 dxc5 19. Nxe6 fxe6 20. bxc5 Qc7 21. Qb3 Nf8
22. Bxe5 Bxe5 23. Bf3 Rb8 24. Rfd1 Kg7 25. Rb1 Nd7 26. Qxe6 Nxc5 27. Nxc5 Qxc5
28. Rd5 1-0

[Event "PRO League Group Stage"]
[Site "chess.com INT"]
[Date "2019.01.15"]
[Round "2"]
[White "Erenburg, Sergey"]
[Black "Khamrakulov, Djurabek"]
[Result "0-1"]
[WhiteTitle "GM"]
[BlackTitle "GM"]
[WhiteElo "2589"]
[BlackElo "2503"]
[WhiteTeam "Pittsburgh Pawngrabbers"]
[BlackTeam "New York Marshalls"]
[WhiteFideId "2805642"]
[BlackFideId "14201143"]
[EventDate "2019.01.08"]

1. e4 c6 2. d4 d5 3. exd5 cxd5 4. Bd3 Nc6 5. c3 Qc7 6. Ne2 Bg4 7. O-O e6 8. Qe1
Bd6 9. Ng3 Nf6 10. f4 h5 11. h3 h4 12. Nh1 Bh5 13. Qxh4 O-O-O 14. Qe1 g5 15.
fxg5 Bh2+ 16. Kf2 Ne4+ 17. Bxe4 dxe4 18. Qxe4 Bg6 19. Qg4 Qb6 20. Ke1 Nxd4 21.
cxd4 Rxd4 22. Qf3 Re4+ 23. Kd1 Rd8+ 24. Nd2 Re3 25. Qf2 Qc5 26. Qxe3 Qxe3 27.
Nf2 Bf4 0-1

[Event "PRO League Group Stage"]
[Site "chess.com INT"]
[Date "2019.01.15"]
[Round "2"]
[White "Liang, Awonder"]
[Black "Jacobson, Aaron"]
[Result "1-0"]
[WhiteTitle "GM"]
[BlackTitle "FM"]
[WhiteElo "2589"]
[BlackElo "2286"]
[WhiteTeam "Pittsburgh Pawngrabbers"]
[BlackTeam "New York Marshalls"]
[WhiteFideId "2056437"]
[BlackFideId "2089912"]
[EventDate "2019.01.08"]

1. e4 e6 2. d4 d5 3. Bd3 dxe4 4. Bxe4 Nf6 5. Bf3 c5 6. Ne2 Nc6 7. Be3 e5 8.
Bxc6+ bxc6 9. dxe5 Qxd1+ 10. Kxd1 Ng4 11. Nd2 Nxe5 12. h3 Be6 13. Nc3 Nd7 14.
Ke2 c4 15. Nf3 Nb6 16. Nd4 Bd7 17. Rhd1 Bb4 18. Bd2 Bc5 19. Nf3 f6 20. Kf1 O-O-O
21. Be3 Bb4 22. a4 Ba5 23. Ne4 Kb8 24. Nd6 Be6 25. Nd4 Bd5 26. Nf7 c5 27. Nc6+
Bxc6 28. Rxd8+ Rxd8 29. Nxd8 Bd5 30. Bxc5 Be4 31. f3 Bxc2 32. Nc6+ 1-0

[Event "PRO League Group Stage"]
[Site "chess.com INT"]
[Date "2019.01.15"]
[Round "2"]
[White "Moranda, Wojciech"]
[Black "Le, Tuan Minh"]
[Result "1/2-1/2"]
[WhiteTitle "GM"]
[BlackTitle "IM"]
[WhiteElo "2593"]
[BlackElo "2515"]
[WhiteTeam "New York Marshalls"]
[BlackTeam "Pittsburgh Pawngrabbers"]
[WhiteFideId "1122401"]
[BlackFideId "12401153"]
[EventDate "2019.01.08"]

1. Nf3 d5 2. e3 Nf6 3. c4 c6 4. Nc3 a6 5. b3 Bg4 6. Bb2 e6 7. Be2 Nbd7 8. O-O
Bd6 9. Rc1 O-O 10. h3 Bxf3 11. Bxf3 Qe7 12. Rc2 Rad8 13. d4 Rfe8 14. g3 h6 15.
Bg2 Nf8 16. Qe2 Ba3 17. Ba1 Bb4 18. Rd1 N8d7 19. Bb2 Ba3 20. Na4 Bd6 21. Nc3 Bb4
22. Bc1 Qf8 23. Bd2 Rc8 24. Be1 b5 25. Rdc1 Ba3 26. Rb1 Bb4 27. a4 bxc4 28. bxc4
a5 29. Na2 Bxe1 30. Qxe1 Ra8 31. Qc1 Reb8 32. Rcb2 Rxb2 33. Rxb2 Rb8 34. Qb1
Rxb2 35. Qxb2 h5 36. Nc1 dxc4 37. Bxc6 Qd6 38. Bb5 Qd5 39. Qc2 Nb6 40. Ne2 Qf3
41. Nf4 g5 42. Ng2 h4 43. Ne1 Qe4 44. Qxe4 Nxe4 45. gxh4 gxh4 46. Nc2 Nc3 47.
Na3 Nxb5 48. axb5 Kf8 49. Kf1 Ke7 50. Ke2 Kd6 51. e4 e5 52. Ke3 f6 53. f4 Ke6
54. dxe5 fxe5 55. f5+ Kd6 56. f6 Ke6 57. Kd2 Kxf6 58. Kc3 Nd7 59. Nxc4 Nc5 60.
b6 Ke6 61. Nxa5 Kd7 62. Kc4 Nxe4 63. Kd5 Ng5 64. Nc6 Kc8 65. Nxe5 Kb7 66. Kc5
Nxh3 67. Ng6 Ng5 68. Nxh4 Ne4+ 69. Kb5 Nd6+ 70. Kb4 Kxb6 71. Nf3 1/2-1/2

[Event "PRO League Group Stage"]
[Site "chess.com INT"]
[Date "2019.01.15"]
[Round "2"]
[White "Azarov, Sergei"]
[Black "Yu, Jennifer"]
[Result "1-0"]
[WhiteTitle "GM"]
[BlackTitle "FM"]
[WhiteElo "2575"]
[BlackElo "2313"]
[WhiteTeam "New York Marshalls"]
[BlackTeam "Pittsburgh Pawngrabbers"]
[WhiteFideId "13501470"]
[BlackFideId "2078341"]
[EventDate "2019.01.08"]

1. e4 e5 2. Nf3 Nc6 3. Bb5 a6 4. Ba4 Nf6 5. O-O Be7 6. Re1 b5 7. Bb3 d6 8. c3
O-O 9. h3 Bb7 10. d4 a5 11. a3 Nd7 12. Nbd2 a4 13. Ba2 Na5 14. Nf1 c5 15. Ng3 g6
16. Bh6 Re8 17. Qe2 c4 18. Rad1 Qc7 19. Bb1 Rad8 20. Nh2 Nf6 21. Qf3 Nb3 22. Nf5
Bf8 23. Bg5 Nh5 24. Bxd8 Rxd8 25. dxe5 dxe5 26. Rxd8 Qxd8 27. Rd1 Qg5 28. Ne3
Nf4 29. h4 Qxh4 30. g3 Qg5 31. Qg4 Ne6 32. Qxg5 Nxg5 33. Nhg4 Nf3+ 34. Kg2 Nfd2
35. f3 Bc5 36. Bc2 h5 37. Nf6+ Kg7 38. Ned5 Bc6 39. Bxb3 Nxb3 40. Kf1 Kh6 41.
Ke2 g5 42. Rh1 Kg6 43. Nxh5 f5 44. g4 fxg4 45. fxg4 Bd7 46. Nhf6 Be6 47. Kd1 Bd6
48. Rh8 Nc5 49. Re8 Bxd5 50. Nxd5 Nxe4 51. Ke2 Kf7 52. Rh8 Nc5 53. Rh7+ Ke6 54.
Ne3 Nd3 55. Rb7 Nxb2 56. Rxb5 Bxa3 57. Nc2 1-0

[Event "PRO League Group Stage"]
[Site "chess.com INT"]
[Date "2019.01.15"]
[Round "2"]
[White "Nyzhnyk, Illya"]
[Black "Caruana, Fabiano"]
[Result "0-1"]
[WhiteTitle "GM"]
[BlackTitle "GM"]
[WhiteElo "2624"]
[BlackElo "2828"]
[WhiteTeam "Webster Windmills"]
[BlackTeam "Saint Louis Arch Bishops"]
[WhiteFideId "14118084"]
[BlackFideId "2020009"]
[EventDate "2019.01.08"]

1. c4 e5 2. Nc3 Nf6 3. Nf3 Nc6 4. e3 Bb4 5. Qc2 Bxc3 6. Qxc3 Qe7 7. d4 Ne4 8.
Qd3 exd4 9. Nxd4 O-O 10. Be2 Qb4+ 11. Kf1 Qe7 12. f3 Nc5 13. Qd2 d6 14. Kf2 a5
15. Re1 f5 16. Kg1 Rf6 17. Bf1 Bd7 18. b3 Rh6 19. Bb2 Qh4 20. g3 Qh5 21. Rad1
Ne5 22. Qf2 Re8 23. Be2 g5 24. Nb5 Bxb5 25. cxb5 Qh3 26. Qg2 Qxg2+ 27. Kxg2 b6
28. f4 Ng4 29. Bxg4 fxg4 30. f5 Kf7 31. Rd4 Rf6 32. Rd5 h5 33. Bxf6 Kxf6 34. Kf1
h4 35. Kg2 Re7 36. Rd4 Ne4 37. Rf1 h3+ 38. Kg1 Nc3 39. Kf2 Nxb5 40. Rxg4 d5 41.
a4 Nc3 42. Rd4 Kxf5 43. g4+ Ke6 44. Ke1 Kd6 45. Rf5 c6 46. Rxg5 Rxe3+ 47. Kd2
Rf3 48. Rh5 Ne4+ 49. Ke2 Rxb3 50. Rd3 Rb2+ 51. Ke3 Rxh2 52. Kf4 Rf2+ 53. Rf3 Ra2
54. Rhxh3 Rxa4 55. Kf5 Ra1 56. g5 Rg1 57. Rh6+ Kc5 58. g6 a4 59. Ke5 b5 60. Rf7
a3 61. Ra7 b4 62. g7 Kb6 63. Ra4 Kb5 64. Ra7 a2 65. Rxa2 Rxg7 66. Rh8 Nc3 67.
Rb2 c5 68. Kd6 Rg6+ 69. Ke5 Kc4 70. Rh4+ d4 71. Rxd4+ 0-1

[Event "PRO League Group Stage"]
[Site "chess.com INT"]
[Date "2019.01.15"]
[Round "2"]
[White "Robson, Ray"]
[Black "So, Wesley"]
[Result "0-1"]
[WhiteTitle "GM"]
[BlackTitle "GM"]
[WhiteElo "2667"]
[BlackElo "2765"]
[WhiteTeam "Webster Windmills"]
[BlackTeam "Saint Louis Arch Bishops"]
[WhiteFideId "2023970"]
[BlackFideId "5202213"]
[EventDate "2019.01.08"]

1. e4 e5 2. Nf3 Nc6 3. Bb5 Nf6 4. d3 Bc5 5. Bxc6 dxc6 6. Nbd2 Be6 7. O-O Bd6 8.
b3 Nd7 9. Nc4 Qe7 10. Bb2 Bxc4 11. bxc4 O-O 12. a4 a6 13. g3 Nc5 14. Nh4 g6 15.
Ng2 Ne6 16. f4 exf4 17. gxf4 f5 18. e5 Bc5+ 19. Kh1 Qd7 20. c3 Be7 21. d4 b5 22.
cxb5 axb5 23. axb5 Rxa1 24. Bxa1 cxb5 25. d5 Rd8 26. Ne3 Bc5 27. dxe6 Qc6+ 28.
Qf3 Qxf3+ 29. Rxf3 Rd3 30. Rf1 Bxe3 31. Bb2 Bc5 32. Ra1 Kf8 33. Ra8+ Ke7 34. Rc8
Bb6 35. Ba3+ Kxe6 36. Re8+ Kd7 37. Re7+ Kd8 38. Rxh7 Rxc3 39. Be7+ Kc8 40. Bf6
Re3 41. Rg7 b4 42. Kg2 b3 43. e6 Rxe6 0-1

[Event "PRO League Group Stage"]
[Site "chess.com INT"]
[Date "2019.01.15"]
[Round "2"]
[White "Ali Marandi, Cemil Can"]
[Black "Cervantes Landeiro, Thalia"]
[Result "1-0"]
[WhiteTitle "GM"]
[BlackTitle "WIM"]
[WhiteElo "2530"]
[BlackElo "2159"]
[WhiteTeam "Saint Louis Arch Bishops"]
[BlackTeam "Webster Windmills"]
[WhiteFideId "6300529"]
[BlackFideId "3520498"]
[EventDate "2019.01.08"]

1. d4 d5 2. Bf4 Nf6 3. e3 g6 4. Nc3 Bg7 5. h4 c5 6. Nb5 Na6 7. Be2 Bd7 8. a4 h5
9. Nf3 O-O 10. O-O Qb6 11. a5 Qd8 12. Ne5 Bxb5 13. Bxb5 Nc7 14. Be2 Ne6 15. Bh2
cxd4 16. exd4 Nd7 17. Bf3 Nxe5 18. Bxe5 Rc8 19. c3 Qd7 20. Re1 Rfd8 21. Qd2 Re8
22. g4 f6 23. Bg3 hxg4 24. Bxg4 f5 25. Bh3 Nf8 26. h5 e6 27. hxg6 Nxg6 28. Qg5
Qf7 29. Re2 Bf6 30. Qd2 Qh7 31. Bg2 Nh4 32. Bh1 Qh5 33. Rae1 Bg5 34. Qd3 f4 35.
Bxh4 Bxh4 36. Qf3 Qg5+ 37. Kf1 Kf7 38. Re5 Qf6 39. Qh5+ Kf8 40. Bxd5 Re7 41.
Rxe6 Rxe6 42. Rxe6 1-0

[Event "PRO League Group Stage"]
[Site "chess.com INT"]
[Date "2019.01.15"]
[Round "2"]
[White "Bloomer, Josh"]
[Black "Cordova, Emilio"]
[Result "0-1"]
[BlackTitle "GM"]
[WhiteElo "1950"]
[BlackElo "2597"]
[WhiteTeam "Saint Louis Arch Bishops"]
[BlackTeam "Webster Windmills"]
[WhiteFideId "2020416"]
[BlackFideId "3801497"]
[EventDate "2019.01.08"]

1. Nf3 c5 2. c4 b6 3. g3 Bb7 4. Bg2 g6 5. O-O Bg7 6. Nc3 d6 7. e3 Nf6 8. d4 O-O
9. b3 Ne4 10. Bb2 Nd7 11. Qc2 Nxc3 12. Bxc3 cxd4 13. exd4 Rc8 14. Rfe1 Re8 15.
Rad1 a6 16. Qd2 d5 17. Ne5 Nf6 18. Bb4 e6 19. Qf4 Qc7 20. Rc1 dxc4 21. Rxc4 Qb8
22. Bxb7 Qxb7 23. Rec1 Rxc4 24. bxc4 Rc8 25. Bd6 Qe4 26. c5 Qxf4 27. gxf4 Ne4
28. Rb1 b5 29. f3 Nxd6 30. cxd6 Rd8 31. a4 Rxd6 32. axb5 Rb6 33. Rc1 Bxe5 34.
dxe5 axb5 35. Rb1 b4 36. Rb3 Kg7 37. Kf2 Kh6 38. Kg3 Kh5 39. Kh3 g5 40. Kg3 h6
41. h3 Rb5 42. fxg5 hxg5 43. f4 Rb7 44. Kf3 Kh4 45. Ke4 g4 46. hxg4 Kxg4 47. Rb2
b3 48. Rg2+ Kh3 49. Rb2 Kg3 50. f5 Rb4+ 51. Ke3 exf5 52. Rb1 f4+ 53. Kd3 f3 54.
Kc3 Rb7 55. Kd4 f2 56. Ke3 b2 57. Ke2 Kg2 0-1

[Event "PRO League Group Stage"]
[Site "chess.com INT"]
[Date "2019.01.15"]
[Round "2"]
[White "Eljanov, Pavel"]
[Black "Hansen, Eric"]
[Result "0-1"]
[WhiteTitle "GM"]
[BlackTitle "GM"]
[WhiteElo "2680"]
[BlackElo "2615"]
[WhiteTeam "Miami Champions"]
[BlackTeam "Montreal Chessbrahs"]
[WhiteFideId "14102951"]
[BlackFideId "2606771"]
[EventDate "2019.01.08"]

1. d4 Nf6 2. Nf3 g6 3. Bf4 Bg7 4. e3 O-O 5. c3 d6 6. h3 c5 7. dxc5 dxc5 8. Nbd2
Nc6 9. Qc2 b6 10. Bc4 Bb7 11. O-O Na5 12. Be2 Qc8 13. Rfd1 Ba6 14. Nb3 Bxe2 15.
Qxe2 Nc6 16. a4 Qe6 17. Qb5 Ne4 18. Nbd2 Nxd2 19. Rxd2 Rad8 20. Rad1 Rxd2 21.
Rxd2 h6 22. Qa6 g5 23. Bg3 f5 24. Qb7 f4 25. exf4 gxf4 26. Bh4 Qc8 27. Qxc8 Rxc8
28. Rd7 Kf7 29. Kf1 Ke6 30. Rb7 Ra8 31. Ke2 Bf8 32. Rc7 Nd8 33. Ne5 Kxe5 34.
Bxe7 Ne6 35. Rd7 a6 36. Bxf8 Rxf8 37. Rb7 f3+ 38. gxf3 Nf4+ 39. Ke3 Nd5+ 40. Ke2
Rf6 41. h4 Nf4+ 42. Kd2 Ng6 43. h5 Nf4 44. b4 cxb4 45. cxb4 Nd5 46. b5 axb5 47.
axb5 Rxf3 48. Ke2 Rh3 0-1